000 00504cam a2200145 4500500
005 20260322013633.0
041 _afre
042 _adc
100 1 0 _aGuidon-Le Brun, Maryvonne
_eauthor
245 0 0 _aWhat are the chemical risk regulations? How to identify regulated products?
260 _c2026.
500 _a83
786 0 _nEnvironment | - | 2026-03-09 | p. 43-43
856 4 1 _uhttps://stm.cairn.info/managing-a-classified-facility--bdti22711210-fic0176-page-43?lang=en&redirect-ssocas=7080
999 _c1782402
_d1782402